Statistics for Double L Geography Answers

Click here to take the quiz!

General Stats

  • This quiz has been taken 55 times
  • The average score is 11 of 18

Answer Stats

HintAnswer% Correct
Currency of Australia, Canada etc.Dollar
92%
Former French royal residence famous for WWI peace treatyVersailles
92%
Not alpacaLlama
90%
Largest Balearic islandMallorca
86%
Title of the German political leaderChancellor
74%
Alphabet of Russian, Serbian language etc.Cyrillic
74%
Second largest city in ColombiaMedellín
74%
Oceanian country in subregion of MicronesiaMarshall Islands
72%
French-speaking part of BelgiumWallonia
62%
Greece in GreekHellas
54%
Third largest island of CanadaEllesmere Island
50%
Large archipelago of the Caribbean SeaAntilles
48%
Spanish exclave bordering MoroccoMelilla
44%
It separates South America and Tierra del FuegoStrait of Magellan
40%
Huang HeYellow River
38%
Largest city in MontanaBillings
36%
Arabic text writen in the flag of IraqAllahu Akbar
20%
Animal simmilar tho a shrimpKrill
16%

Score Distribution

Percentile by Number Answered

Percent of People with Each Score

Your Score History

You have not taken this quiz